<?xml version="1.0" encoding="UTF-8"?><?xml-stylesheet type="text/xsl" href="static/style.xsl"?><OAI-PMH xmlns="http://www.openarchives.org/OAI/2.0/" xmlns:xsi="http://www.w3.org/2001/XMLSchema-instance" xsi:schemaLocation="http://www.openarchives.org/OAI/2.0/ http://www.openarchives.org/OAI/2.0/OAI-PMH.xsd"><responseDate>2026-06-29T02:38:53Z</responseDate><request verb="GetRecord" identifier="oai:docta.ucm.es:20.500.14352/114037" metadataPrefix="marc">https://docta.ucm.es/rest/oai/request</request><GetRecord><record><header><identifier>oai:docta.ucm.es:20.500.14352/114037</identifier><datestamp>2025-03-18T12:48:41Z</datestamp><setSpec>com_20.500.14352_14</setSpec><setSpec>col_20.500.14352_15</setSpec></header><metadata><record xmlns="http://www.loc.gov/MARC21/slim" xmlns:dcterms="http://purl.org/dc/terms/" xmlns:xsi="http://www.w3.org/2001/XMLSchema-instance" xmlns:doc="http://www.lyncode.com/xoai" xsi:schemaLocation="http://www.loc.gov/MARC21/slim http://www.loc.gov/standards/marcxml/schema/MARC21slim.xsd">
   <leader>00925njm 22002777a 4500</leader>
   <datafield ind2=" " ind1=" " tag="042">
      <subfield code="a">dc</subfield>
   </datafield>
   <datafield ind2=" " ind1=" " tag="720">
      <subfield code="a">Lucas Palacios, Laura</subfield>
      <subfield code="e">author</subfield>
   </datafield>
   <datafield ind2=" " ind1=" " tag="720">
      <subfield code="a">López Fernández, María Ángeles</subfield>
      <subfield code="e">author</subfield>
   </datafield>
   <datafield ind2=" " ind1=" " tag="720">
      <subfield code="a">Sotelo García, Xiana</subfield>
      <subfield code="e">author</subfield>
   </datafield>
   <datafield ind2=" " ind1=" " tag="260">
      <subfield code="c">2023-06-05</subfield>
   </datafield>
   <datafield ind2=" " ind1=" " tag="520">
      <subfield code="a">Este trabajo presenta los resultados de una investigación que busca conocer la potencialidad didáctica que tienen los museos para ofrecer a los/as jóvenes formas creativas y atractivas de entender los conceptos relacionados con el género a través del arte y del patrimonio. Para ello, se diseñó un taller que se implementaría simultáneamente en un museo del país de cada una de las instituciones participantes. Para elanálisis de los resultados se ha aplicado una metodología de investigación cuantitativa: a través de un cuestionario pretest y otro postestse realizó un análisis descriptivo-comparativo. Los resultados demuestran que los jóvenes participantes en los talleres han adquirido las competencias necesarias para detectar los sesgos de género que están presentes en la historia y memoria cultural.</subfield>
   </datafield>
   <datafield ind2=" " ind1=" " tag="520">
      <subfield code="a">This paper presents the results of a research project that seeks to understand the didactic potential of museums to offer young people creative and attractive ways of understanding gender-related concepts through art and heritage. To this end, a workshop was designed to be implemented simultaneously in one museum in the countriesofeach of the participating institutions. For the analysis of the results, a mixed research methodology was applied: a pre-test and post-test questionnaire was used to carry out a descriptive-comparativeanalysis, followed by the application of qualitative techniques of multimodal discourse analysis. The results show that the young participants in the workshops have acquired the necessary skills to detect the gender biases that are present in history and cultural memory.</subfield>
   </datafield>
   <datafield ind1="8" ind2=" " tag="024">
      <subfield code="a">Lucas Palacios, L., López Fernández-Cao, M., &amp; Sotelo García, X. (2023). El museo como espacio para explorar las relaciones entre género y poder. Panta Rei: revista de ciencia y didáctica de la historia, 17. https://doi.org/10.6018/PANTAREI.549011</subfield>
   </datafield>
   <datafield ind1="8" ind2=" " tag="024">
      <subfield code="a">1136-2464</subfield>
   </datafield>
   <datafield ind1="8" ind2=" " tag="024">
      <subfield code="a">10.6018/pantarei.549011</subfield>
   </datafield>
   <datafield ind1="8" ind2=" " tag="024">
      <subfield code="a">https://hdl.handle.net/20.500.14352/114037</subfield>
   </datafield>
   <datafield ind1="8" ind2=" " tag="024">
      <subfield code="a">2386-8864</subfield>
   </datafield>
   <datafield ind1="8" ind2=" " tag="024">
      <subfield code="a">https://doi.org/10.6018/pantarei.549011</subfield>
   </datafield>
   <datafield ind1="8" ind2=" " tag="024">
      <subfield code="a">https://produccioncientifica.ucm.es/documentos/657b5323af94d06f03df68fb</subfield>
   </datafield>
   <datafield ind1="8" ind2=" " tag="024">
      <subfield code="a">https://dialnet.unirioja.es/servlet/articulo?codigo=9217549</subfield>
   </datafield>
   <datafield ind1="8" ind2=" " tag="024">
      <subfield code="a">https://revistas.um.es/pantarei/article/view/549011</subfield>
   </datafield>
   <datafield ind1="8" ind2=" " tag="024">
      <subfield code="a">https://dialnet.unirioja.es/servlet/revista?codigo=8033</subfield>
   </datafield>
   <datafield ind2="0" ind1="0" tag="245">
      <subfield code="a">El museo como espacio para explorar las relaciones entre género y poder</subfield>
   </datafield>
   <datafield ind2="0" ind1="0" tag="245">
      <subfield code="a">The museum as a space for exploring gender and power relations</subfield>
   </datafield>
</record></metadata></record></GetRecord></OAI-PMH>